|
|
|
|
| LEADER |
05131nam a2200841 4500 |
| 001 |
ocn781863384 |
| 003 |
OCoLC |
| 005 |
20170124070643.9 |
| 006 |
m o d |
| 007 |
cr cnu---unuuu |
| 008 |
120328s2012 nju ob 101 0 eng d |
| 010 |
|
|
|z 2011045311
|
| 040 |
|
|
|a N$T
|b eng
|e pn
|c N$T
|d EBLCP
|d UIU
|d E7B
|d YDXCP
|d CDX
|d OCLCQ
|d OCLCO
|d DEBSZ
|d OCLCQ
|d TEFOD
|d OKU
|d OCLCF
|d OCLCQ
|d OCLCO
|d TEFOD
|d OCLCO
|d AZU
|d NLE
|d DG1
|d MHW
|d OCLCO
|d TEFOD
|d OCLCQ
|d COO
|d OCL
|d OCLCO
|d OCLCQ
|d OCLCO
|d AZK
|d GrThAP
|
| 019 |
|
|
|a 781640514
|a 784137202
|a 787849849
|a 795330099
|a 828079305
|a 961531519
|a 962709779
|a 966501903
|
| 020 |
|
|
|a 9781118280843
|q (electronic bk.)
|
| 020 |
|
|
|a 1118280849
|q (electronic bk.)
|
| 020 |
|
|
|a 9781118280829
|q (electronic bk.)
|
| 020 |
|
|
|a 1118280822
|q (electronic bk.)
|
| 020 |
|
|
|a 9781118280836
|q (electronic bk.)
|
| 020 |
|
|
|a 1118280830
|q (electronic bk.)
|
| 020 |
|
|
|z 9780470672334
|
| 020 |
|
|
|z 0470672331
|
| 029 |
1 |
|
|a AU@
|b 000049014010
|
| 029 |
1 |
|
|a DEBBG
|b BV040868498
|
| 029 |
1 |
|
|a DEBSZ
|b 372901492
|
| 029 |
1 |
|
|a DEBSZ
|b 397255268
|
| 029 |
1 |
|
|a DEBSZ
|b 431106142
|
| 029 |
1 |
|
|a DKDLA
|b 820120-katalog:000600822
|
| 029 |
1 |
|
|a NZ1
|b 14687205
|
| 029 |
1 |
|
|a NZ1
|b 15698060
|
| 029 |
1 |
|
|a NZ1
|b 15900638
|
| 029 |
1 |
|
|a DEBBG
|b BV043394380
|
| 035 |
|
|
|a (OCoLC)781863384
|z (OCoLC)781640514
|z (OCoLC)784137202
|z (OCoLC)787849849
|z (OCoLC)795330099
|z (OCoLC)828079305
|z (OCoLC)961531519
|z (OCoLC)962709779
|z (OCoLC)966501903
|
| 037 |
|
|
|a 3016C6BE-2379-4FC1-9EDD-75D8AE765657
|b OverDrive, Inc.
|n http://www.overdrive.com
|
| 050 |
|
4 |
|a HD7286
|b .C43 2012eb
|
| 072 |
|
7 |
|a BUS
|x 054000
|2 bisacsh
|
| 082 |
0 |
4 |
|a 333.3
|2 23
|
| 049 |
|
|
|a MAIN
|
| 245 |
0 |
4 |
|a The challenges of the housing economy :
|b an international perspective /
|c [compiled by] Colin Jones, Michael White, Neil Dunse.
|
| 264 |
|
1 |
|a Hoboken, N.J. :
|b Wiley-Blackwell,
|c 2012.
|
| 300 |
|
|
|a 1 online resource.
|
| 336 |
|
|
|a text
|b txt
|2 rdacontent
|
| 337 |
|
|
|a computer
|b c
|2 rdamedia
|
| 338 |
|
|
|a online resource
|b cr
|2 rdacarrier
|
| 347 |
|
|
|a data file
|2 rda
|
| 380 |
|
|
|a Bibliography
|
| 490 |
1 |
|
|a Real estate issues
|
| 500 |
|
|
|a Conference proceedings.
|
| 504 |
|
|
|a Includes bibliographical references and index.
|
| 505 |
0 |
|
|a Contributors -- Glossary -- Introduction : the housing economy and the credit crunch -- The housing boom, the bust and US housing po licy -- Housing bubbles and foreclosures that follow : the case of Las Vegas -- Unemployment risk, homeownership, and housing wealth : lessons from the bubble -- The changing nature of household demand and housing market trends in China -- The structural sustainability of home ownership in Australia -- Impacts on wealth and debt of changes in the Danish financial framework over a housing cycle -- Market stability, housing finance, and home ownership in Germany -- The responsiveness of new supply to house prices : a perspective from the Spanish housing market -- The UK housing market cycle and the role of planning : the policy challenge following the financial crisis -- Developments in the role of social housing in Europe -- Delivering affordable housing in the UK -- The UK private rented sector as a source of affordable accommodation -- Conclusions: the challenges ahead -- References -- Index.
|
| 588 |
0 |
|
|a Print version record.
|
| 520 |
|
|
|a This timely book addresses key challenges faced by policy makers and the house-building industry in a post-credit crunch world. It examines the implications for households, the housing market, the economy, as well as for government's policy choices. Challenges of the Housing Economy: an international perspective brings together experts from around the world to examine recent housing market trends. The contributions reveal common long-term trends in housing markets worldwide. Despite differences in supply conditions and the role of planning, there is a trend toward rising house prices that has.
|
| 611 |
2 |
7 |
|a Global Financial Crisis
|d (2008-2009)
|2 fast
|0 (OCoLC)fst01755654
|
| 650 |
|
0 |
|a Housing
|x Prices
|v Congresses.
|
| 650 |
|
0 |
|a Real estate business
|v Congresses.
|
| 650 |
|
0 |
|a Real property
|x Ownership
|v Congresses.
|
| 650 |
|
0 |
|a Global Financial Crisis, 2008-2009
|v Congresses.
|
| 650 |
|
0 |
|a Housing policy
|v Congresses.
|
| 650 |
|
7 |
|a BUSINESS & ECONOMICS
|x Real Estate
|x General.
|2 bisacsh
|
| 650 |
|
7 |
|a Housing policy.
|2 fast
|0 (OCoLC)fst00962432
|
| 650 |
|
7 |
|a Housing
|x Prices.
|2 fast
|0 (OCoLC)fst00962326
|
| 650 |
|
7 |
|a Real estate business.
|2 fast
|0 (OCoLC)fst01090898
|
| 650 |
|
7 |
|a Real property
|x Ownership.
|2 fast
|0 (OCoLC)fst01202279
|
| 648 |
|
7 |
|a 2008 - 2009
|2 fast
|
| 655 |
|
4 |
|a Electronic books.
|
| 655 |
|
7 |
|a Conference papers and proceedings.
|2 fast
|0 (OCoLC)fst01423772
|
| 700 |
1 |
|
|a Jones, Colin,
|d 1949 January 13-
|
| 700 |
1 |
|
|a White, Michael,
|d 1965-
|
| 700 |
1 |
|
|a Dunse, Neil.
|
| 776 |
0 |
8 |
|i Print version:
|t Challenges of the housing economy.
|d Hoboken, N.J. : Wiley-Blackwell, 2012
|z 9780470672334
|w (DLC) 2011045311
|w (OCoLC)761383834
|
| 830 |
|
0 |
|a Real estate issues (Oxford, England)
|
| 856 |
4 |
0 |
|u https://doi.org/10.1002/9781118280829
|z Full Text via HEAL-Link
|
| 994 |
|
|
|a 92
|b DG1
|